| 000 | 00439nam a2200181Ia 4500 | ||
|---|---|---|---|
| 005 | 20250603145312.0 | ||
| 008 | 250603s9999 xx 000 0 und d | ||
| 020 | _a0563520035 | ||
| 050 | _aBJ 1581.2 .M55/ | ||
| 100 | _aMiller, Douglas | ||
| 245 | 0 | _aMake your own good fortune : how to seize life's opportunities | |
| 260 | _aHarlow | ||
| 260 | _bPearson | ||
| 260 | _c2006 | ||
| 300 | _a208 p | ||
| 650 | _aHarlow | ||
| 942 | _cBK | ||
| 999 |
_c41460 _d41460 |
||